Malvinas : diario del regreso. Iluminados por el fuego /
Guardado en:
| Autor Principal: | |
|---|---|
| Otros Autores: | |
| Formato: | Libro |
| Publicado: |
Buenos Aires :
Sudamericama,
2005.
|
| Edición: | 4a ed. |
| Materias: | |
| Etiquetas: |
Agregar Etiqueta
Sin Etiquetas, Sea el primero en etiquetar este registro!
|
| LEADER | 00899nam a22002655a 4500 | ||
|---|---|---|---|
| 001 | CEM.cems019058 | ||
| 008 | 220426s2005####ag############000#0#####d | ||
| 005 | 20260616161533.0 | ||
| 245 | 1 | 0 | |a Malvinas : |b diario del regreso. Iluminados por el fuego / |c Edgardo Esteban y Gustavo Aníbal Romero Borri. |
| 250 | |a 4a ed. | ||
| 260 | |a Buenos Aires : |b Sudamericama, |c 2005. | ||
| 300 | |a 256 p. | ||
| 500 | |a El libro que inspiró la película Iluminados por el fuego. | ||
| 505 | 0 | |a El viaje a las islas -- El repliegue -- Prisioneros -- LLegamos | |
| 020 | |a 9500717042 | ||
| 100 | 1 | |a Esteban, Edgardo. | |
| 700 | 1 | |a Romero Borri, Gustavo Aníbal. | |
| 082 | 0 | 4 | |a 327.82 |
| 653 | |a Malvinas | ||
| 653 | |a Historia Argentina | ||
| 653 | |a Guerra | ||
| 653 | |a Guerra de Malvinas | ||
| 653 | |a Diario | ||
| 653 | |a Diario de Guerra | ||
| 859 | |a CEMS |b BIB. CEMS - 11 de abril |h 327.82LS2 |i Es851 |p 29184.22 |t Ej. 1 | ||
